LEADER 01175nam a2200205 i 4500 001 000000062348 003 CaOOAMICUS 005 20110307000000.0 008 110307s1931 it u000 u ita u 013 $a33520 040 $aSeMil$bita 100 1 $aAntonio Maria : da Trobaso.$0(OLS)http://semarc/name/31610 245 13$aLo Spirito e la Regola del 3. Ordine Francescano. Trenta conferenze :$bcon note giuridiche e coll'elenco completo delle Indulgenze e Privilegi accordati ai Terziari dalle più recenti disposizioni Pontificie /$cFr. A. Bosio da Trobaso ofm. 260 $aVenezia :$bLibreria Emiliana,$c1931. 300 $aVIII, 287 p. ;$c21 cm. 650 4$aFrancescanesimo - Terz'Ordine.$0(OLS)http://semarc/subject/9698 850 $aSeMil 852 $aSeMil$W1$xVenegono$y1$m3F III 861$j243414$B28501$CSeMilBibl$Z2$F28504 $81 996 $6245$aLo Spirito e la Regola del 3. Ordine Francescano. Trenta conferenze :$bcon note giuridiche e coll'elenco completo delle Indulgenze e Privilegi accordati ai Terziari dalle più recenti disposizioni Pontificie$9(OLS)http://semarc/title/98129 996 $6260$aVenezia :$bLibreria Emiliana$9(OLS)http://semarc/publisher/30736 LEADER 01389nam a2200205 i 4500 001 000000074585 003 CaOOAMICUS 005 20170206000000.0 008 170206s1805 xx u000 u fre u 013 $a45757 026 $arede rene ure. 81qu (3) 1805 (R) 040 $aSeMil$bita 245 10$aDictionnaire portatif de bibliographie, contenant plus de 17,000 articles de livres rares, curieux, estimés et recherchés, ... suivi du catalogue des éditions cum notis variorum, ad usum Delphini, et de celles imprimées par les Aldes, les Elzevirs, Baskerville, etc. ... par F.I. Fournier. 260 $aA Paris :$bDe l'Imprimerie de Fournier frères ; Chez Fournier frères,$c1805. 300 $a[4], II, VIII, 401, [5] p. ;$c8º. 710 0 $aFournier, François Ignace .$0(OLS)http://semarc/name/8527 850 $aSeMil 852 $aSeMil$W1$xVenegono$y1$m3Q III 1 FA$j40737$B40737$CSeMilBibl$Z2$F40741 $8I 996 $6245$aDictionnaire portatif de bibliographie, contenant plus de 17,000 articles de livres rares, curieux, estimés et recherchés, ... suivi du catalogue des éditions cum notis variorum, ad usum Delphini, et de celles imprimées par les Aldes, les Elzevirs, Baskerville, etc. ... par F.I. Fournier$9(OLS)http://semarc/title/402769 996 $6260$aA Paris :$bDe l'Imprimerie de Fournier frères ; Chez Fournier frères$9(OLS)http://semarc/publisher/56299